=LDR 00000nam 2200000 4500 =001 INLIS000000000026666 =005 20130612125108 =008 ***********************************ind** =035 ##$$0010-061300000026666 =041 ##$$a ind =082 ##$$a 336.2 =090 ##$$a 336.2, DEV p =100 ##$$a Devano, Sony =245 ##$$a Perpajakan, Konsep, teori, dan isu, Sony Devano, Siti Kurnia Rahayu =260 ##$$a 2006 $b Jakarta =300 ##$$a xii, 236 hlm., 24 cm =650 ##$$a Pajak dan Perpajakan =700 ##$$a Rahayu, Siti Kurnia =850 ##$$a NBPNMAT